000
00281nam a2200109Ia 4500
001
1276669
005
20260417160452.0
008
260417s9999 xx 000 0 und d
020
_a
9786059667173
245
0
_a
Yağmur Saçlı Kız
_c
Çiğdem Gündeş
260
_b
Tudem Yayınları
999
_c
1276669
_d
1276669